MARC details
| 000 -LEADER |
| fixed length control field |
03271cam a2200757 i 4500 |
| 005 - DATE AND TIME OF LATEST TRANSACTION |
| control field |
20231114084556.0 |
| 020 ## - INTERNATIONAL STANDARD BOOK NUMBER |
| International Standard Book Number |
9780807565162 |
| 020 ## - INTERNATIONAL STANDARD BOOK NUMBER |
| International Standard Book Number |
9780807565353 |
| 040 ## - CATALOGING SOURCE |
| Original cataloging agency |
TOH |
| Language of cataloging |
eng |
| Transcribing agency |
TOH |
| Description conventions |
rda |
| Modifying agency |
GO9 |
| -- |
OQX |
| -- |
OCLCF |
| -- |
YDX |
| -- |
BDX |
| -- |
VAX |
| -- |
JTH |
| -- |
NYP |
| -- |
NXA |
| -- |
OCL |
| -- |
OCLCO |
| -- |
VVW |
| -- |
TXSCH |
| -- |
SLPLM |
| -- |
ILC |
| -- |
MCT |
| -- |
OPW |
| -- |
OCLCO |
| -- |
TDS |
| -- |
OCLCO |
| -- |
ILC |
| -- |
OCLCQ |
| -- |
CHY |
| -- |
OCL |
| -- |
DLC |
| 050 00 - LIBRARY OF CONGRESS CALL NUMBER |
| Classification number |
PZ7.W244 |
| Item number |
Pia 2021 |
| 082 00 - DEWEY DECIMAL CLASSIFICATION NUMBER |
| Classification number |
813.54 |
| Edition number |
23 |
| 100 1# - MAIN ENTRY--PERSONAL NAME |
| Personal name |
Warner, Gertrude Chandler |
| Dates associated with a name |
1890-1979 |
| Relator term |
creator |
| 245 14 - TITLE STATEMENT |
| Title |
The pizza mystery / |
| Statement of responsibility, etc. |
CREATED BY GERTRUDE CHANDLER WARNER |
| 260 ## - PUBLICATION, DISTRIBUTION, ETC. |
| Place of publication, distribution, etc. |
Chicago : |
| Name of publisher, distributor, etc. |
Albert Whitman & Company, |
| Date of publication, distribution, etc. |
1993 |
| 300 ## - PHYSICAL DESCRIPTION |
| Extent |
108 pages : |
| Other physical details |
illustrations |
| Dimensions |
19 cm |
| 490 1# - SERIES STATEMENT |
| Series statement |
The Boxcar children |
| 490 1# - SERIES STATEMENT |
| Series statement |
Time to read. Level 2 |
| 505 ## - FORMATTED CONTENTS NOTE |
| Formatted contents note |
K |
| 520 ## - SUMMARY, ETC. |
| Summary, etc. |
When their favorite pizza restaurant almost goes out of business, the Alden children try to help their friends stay open while they find out who is behind all their problems. |
| 521 ## - TARGET AUDIENCE NOTE |
| Target audience note |
520 |
| Source |
Lexile |
| 521 ## - TARGET AUDIENCE NOTE |
| Target audience note |
K |
| Source |
Raz-Plus |
| 650 #0 - SUBJECT ADDED ENTRY--TOPICAL TERM |
| Topical term or geographic name entry element |
Boxcar children (Fictitious characters) |
| Form subdivision |
Juvenile fiction. |
| 650 #0 - SUBJECT ADDED ENTRY--TOPICAL TERM |
| Topical term or geographic name entry element |
Orphans |
| Form subdivision |
Juvenile fiction. |
| 650 #0 - SUBJECT ADDED ENTRY--TOPICAL TERM |
| Topical term or geographic name entry element |
Families |
| Form subdivision |
Juvenile fiction. |
| 650 #0 - SUBJECT ADDED ENTRY--TOPICAL TERM |
| Topical term or geographic name entry element |
Pizza |
| Form subdivision |
Juvenile fiction. |
| 650 #0 - SUBJECT ADDED ENTRY--TOPICAL TERM |
| Topical term or geographic name entry element |
Electric power failures |
| Form subdivision |
Juvenile fiction. |
| 650 #0 - SUBJECT ADDED ENTRY--TOPICAL TERM |
| Topical term or geographic name entry element |
Friendship |
| Form subdivision |
Juvenile fiction. |
| 650 #0 - SUBJECT ADDED ENTRY--TOPICAL TERM |
| Topical term or geographic name entry element |
Child detectives |
| Form subdivision |
Juvenile fiction. |
| 650 #0 - SUBJECT ADDED ENTRY--TOPICAL TERM |
| Topical term or geographic name entry element |
Siblings |
| Form subdivision |
Juvenile fiction. |
| 650 #0 - SUBJECT ADDED ENTRY--TOPICAL TERM |
| Topical term or geographic name entry element |
Restaurants |
| Form subdivision |
Juvenile fiction. |
| 650 #1 - SUBJECT ADDED ENTRY--TOPICAL TERM |
| Topical term or geographic name entry element |
Boxcar children (Fictitious characters) |
| Form subdivision |
Fiction. |
| 650 #1 - SUBJECT ADDED ENTRY--TOPICAL TERM |
| Topical term or geographic name entry element |
Orphans |
| Form subdivision |
Fiction. |
| 650 #1 - SUBJECT ADDED ENTRY--TOPICAL TERM |
| Topical term or geographic name entry element |
Siblings |
| Form subdivision |
Fiction. |
| 650 #1 - SUBJECT ADDED ENTRY--TOPICAL TERM |
| Topical term or geographic name entry element |
Pizza |
| Form subdivision |
Fiction. |
| 650 #1 - SUBJECT ADDED ENTRY--TOPICAL TERM |
| Topical term or geographic name entry element |
Restaurants |
| Form subdivision |
Fiction. |
| 650 #7 - SUBJECT ADDED ENTRY--TOPICAL TERM |
| Topical term or geographic name entry element |
JUVENILE FICTION |
| General subdivision |
Action & Adventure |
| -- |
General. |
| Source of heading or term |
bisacsh |
| 650 #7 - SUBJECT ADDED ENTRY--TOPICAL TERM |
| Topical term or geographic name entry element |
JUVENILE FICTION |
| General subdivision |
Mysteries & Detective Stories. |
| Source of heading or term |
bisacsh |
| 650 #7 - SUBJECT ADDED ENTRY--TOPICAL TERM |
| Topical term or geographic name entry element |
JUVENILE FICTION |
| General subdivision |
Readers |
| -- |
Beginner. |
| Source of heading or term |
bisacsh |
| 650 #7 - SUBJECT ADDED ENTRY--TOPICAL TERM |
| Topical term or geographic name entry element |
Siblings. |
| Source of heading or term |
fast |
| Authority record control number or standard number |
(OCoLC)fst00839671 |
| 650 #7 - SUBJECT ADDED ENTRY--TOPICAL TERM |
| Topical term or geographic name entry element |
Restaurants. |
| Source of heading or term |
fast |
| Authority record control number or standard number |
(OCoLC)fst01095907 |
| 650 #7 - SUBJECT ADDED ENTRY--TOPICAL TERM |
| Topical term or geographic name entry element |
Friendship. |
| Source of heading or term |
fast |
| Authority record control number or standard number |
(OCoLC)fst00935174 |
| 650 #7 - SUBJECT ADDED ENTRY--TOPICAL TERM |
| Topical term or geographic name entry element |
Electric power failures. |
| Source of heading or term |
fast |
| Authority record control number or standard number |
(OCoLC)fst00905465 |
| 650 #7 - SUBJECT ADDED ENTRY--TOPICAL TERM |
| Topical term or geographic name entry element |
Child detectives. |
| Source of heading or term |
fast |
| Authority record control number or standard number |
(OCoLC)fst01893205 |
| 650 #7 - SUBJECT ADDED ENTRY--TOPICAL TERM |
| Topical term or geographic name entry element |
Boxcar children (Fictitious characters) |
| Source of heading or term |
fast |
| Authority record control number or standard number |
(OCoLC)fst00837272 |
| 650 #7 - SUBJECT ADDED ENTRY--TOPICAL TERM |
| Topical term or geographic name entry element |
Families. |
| Source of heading or term |
fast |
| Authority record control number or standard number |
(OCoLC)fst01728849 |
| 650 #7 - SUBJECT ADDED ENTRY--TOPICAL TERM |
| Topical term or geographic name entry element |
Orphans. |
| Source of heading or term |
fast |
| Authority record control number or standard number |
(OCoLC)fst01048433 |
| 650 #7 - SUBJECT ADDED ENTRY--TOPICAL TERM |
| Topical term or geographic name entry element |
Pizza. |
| Source of heading or term |
fast |
| Authority record control number or standard number |
(OCoLC)fst01064969 |
| 650 #7 - SUBJECT ADDED ENTRY--TOPICAL TERM |
| Topical term or geographic name entry element |
Boxcar children (Fictitious characters) |
| Form subdivision |
Juvenile fiction. |
| Source of heading or term |
sears |
| 650 #7 - SUBJECT ADDED ENTRY--TOPICAL TERM |
| Topical term or geographic name entry element |
Orphans |
| Form subdivision |
Juvenile fiction. |
| Source of heading or term |
sears |
| 650 #7 - SUBJECT ADDED ENTRY--TOPICAL TERM |
| Topical term or geographic name entry element |
Family |
| Form subdivision |
Juvenile fiction. |
| Source of heading or term |
sears |
| 650 #7 - SUBJECT ADDED ENTRY--TOPICAL TERM |
| Topical term or geographic name entry element |
Pizza |
| Form subdivision |
Juvenile fiction. |
| Source of heading or term |
sears |
| 650 #7 - SUBJECT ADDED ENTRY--TOPICAL TERM |
| Topical term or geographic name entry element |
Boxcar children (Fictitious characters) |
| Form subdivision |
Fiction. |
| Source of heading or term |
sears |
| 650 #7 - SUBJECT ADDED ENTRY--TOPICAL TERM |
| Topical term or geographic name entry element |
Orphans |
| Form subdivision |
Fiction. |
| Source of heading or term |
sears |
| 650 #7 - SUBJECT ADDED ENTRY--TOPICAL TERM |
| Topical term or geographic name entry element |
Pizza |
| Form subdivision |
Fiction. |
| Source of heading or term |
sears |
| 655 #1 - INDEX TERM--GENRE/FORM |
| Genre/form data or focus term |
Mystery and detective stories. |
| 655 #7 - INDEX TERM--GENRE/FORM |
| Genre/form data or focus term |
Detective and mystery fiction. |
| Source of term |
lcgft |
| 655 #7 - INDEX TERM--GENRE/FORM |
| Genre/form data or focus term |
Readers (Publications) |
| Source of term |
lcgft |
| 655 #7 - INDEX TERM--GENRE/FORM |
| Genre/form data or focus term |
Detective and mystery fiction. |
| Source of term |
fast |
| Authority record control number or standard number |
(OCoLC)fst01726581 |
| 655 #7 - INDEX TERM--GENRE/FORM |
| Genre/form data or focus term |
Fiction. |
| Source of term |
fast |
| Authority record control number or standard number |
(OCoLC)fst01423787 |
| 655 #7 - INDEX TERM--GENRE/FORM |
| Genre/form data or focus term |
Juvenile works. |
| Source of term |
fast |
| Authority record control number or standard number |
(OCoLC)fst01411637 |
| 655 #7 - INDEX TERM--GENRE/FORM |
| Genre/form data or focus term |
Readers (Publications) |
| Source of term |
fast |
| Authority record control number or standard number |
(OCoLC)fst01919959 |
| 700 1# - ADDED ENTRY--PERSONAL NAME |
| Personal name |
Tang, Charles |
| Relator term |
illustrator |
| 906 ## - LOCAL DATA ELEMENT F, LDF (RLIN) |
| a |
7 |
| b |
cbc |
| c |
copycat |
| d |
2 |
| e |
ncip |
| f |
20 |
| g |
y-gencatlg |
| 942 ## - ADDED ENTRY ELEMENTS (KOHA) |
| Source of classification or shelving scheme |
Dewey Decimal Classification |
| Koha item type |
Books |
| Suppress in OPAC |
No |
| 999 ## - |
| -- |
2258 |
| -- |
2258 |